| 000 | 01046cab a22002055a 4500 | ||
|---|---|---|---|
| 001 | L159017 | ||
| 008 | 151209e20150512xxk 000 0 eng d | ||
| 035 | _a(Sirsi) u159017 | ||
| 041 | 0 | _aeng | |
| 100 | 1 | _aWright, Emily | |
| 245 | 0 | 0 | _aSalary Survey 2015 |
| 260 | _c2015 | ||
| 490 |
_aEstates Gazette _v(1548) 5 December 2015, 66-71(6) |
||
| 520 | _aLatest salary survey reports that pay and bonuses rise but diversity issues remain. 21% of those surveyed believe they have been discriminated against in their positions which is 4% up on last year. Gender is the area in which people felt the most sidelined with 50% of those people reporting this. Salaries failed to top the list when respondents were asked to select the most important factors in their positions with challenging and interesting work being the top category. Average salaries are £55 256 for men and £42 481 for women. | ||
| 590 | _aKA | ||
| 651 | 4 | _aUnited Kingdom | |
| 690 |
_aBusiness and management _96226 |
||
| 690 |
_aManagement consultancy _96255 |
||
| 942 | _n0 | ||
| 999 |
_c84772 _d84772 |
||